00423nam a2200181Ia 4500008004000000020001800040041000800058082001600066100002500082245003400107260003700141300001300178650001000191650000700201650001100208650001100219650001100230210210b2011 xxu||||| |||| 00| 0 eng d a9788131604038 aeng a307.76 DIKU aDIKSHIT (Jutta K) Ed aUrban fringe of Indian cities aJaipurbRawat Publicationsc2011 axxiv,279 aUrban aof aIndian afringe acities